000 00548nam a2200205Ia 4500
005 20250508151831.0
008 008 250505s9999 xx 000 0 eng d
037 _aBooks to be hide in OPAC
040 _aFEDL
_beng
_cFEDL
041 _aeng
_2eng
084 _qFEDL
100 _aSaran Minal
_9760114
245 0 _aTales of birbal
260 _aLondon, UK
_bOxford University Press
_c1955
300 _a71p.
490 _aTales Retold for Easy Reading
700 _a Wear George F
_9760115
942 _cHB
999 _c1332387
_d1332387